[Event "35th T-ch GR"]
[Site "Ermioni"]
[Date "2006.07.03"]
[Round "1.1"]
[White "Bojkov, Dejan"]
[Black "Kulaots, Kaido"]
[Result "1/2-1/2"]
[WhiteElo "2445"]
[BlackElo "2550"]
[PlyCount "31"]
[EventDate "2006.07.03"]

1. e4 c5 2. Nf3 d6 3. Bb5+ Nd7 4. d4 Ngf6 5. Nc3 cxd4 6. Qxd4 e5 7. Qd3 h6 8.
O-O Be7 9. Be3 O-O 10. a4 a6 11. Bc4 Qc7 12. Nh4 Nc5 13. Bxc5 dxc5 14. Qf3 Bg4
15. Qe3 Kh7 16. Nd5 1/2-1/2

[Event "35th T-ch GR"]
[Site "Ermioni"]
[Date "2006.07.03"]
[Round "1.2"]
[White "Svetushkin, Dmitry"]
[Black "Mastrovasilis, Dimitrios"]
[Result "1/2-1/2"]
[WhiteElo "2569"]
[BlackElo "2567"]
[PlyCount "84"]
[EventDate "2006.07.03"]

1. e4 e5 2. Nf3 Nc6 3. Bb5 Nf6 4. d3 Bc5 5. Nc3 a6 6. Bxc6 dxc6 7. Be3 Bxe3 8.
fxe3 Qd6 9. O-O Be6 10. d4 Nd7 11. Qe1 O-O 12. Qh4 f6 13. a3 exd4 14. exd4 c5
15. d5 Bf7 16. Qh3 Rae8 17. Nh4 Bg6 18. Nf5 Bxf5 19. Rxf5 Rf7 20. Rh5 g6 21.
Rh4 c4 22. Qe3 Re5 23. Qd4 Qc5 24. Rd1 Rfe7 25. Rf4 Kg7 26. a4 g5 27. Rf2 Qxd4
28. Rxd4 Nc5 29. Rf5 Rxf5 30. exf5 Re1+ 31. Kf2 Rc1 32. Rxc4 Rxc2+ 33. Ke3 b6
34. b4 Nxa4 35. Rxc7+ Kf8 36. Nb5 Rxc7 37. Nxc7 Ke7 38. Nxa6 Nc3 39. Nc7 Kd6
40. Ne8+ Ke7 41. Nc7 Kd6 42. Ne8+ Ke5 1/2-1/2

[Event "35th T-ch GR"]
[Site "Ermioni"]
[Date "2006.07.03"]
[Round "1.2"]
[White "Mastrovasilis, Athanasios"]
[Black "Tzermiadianos, Andreas"]
[Result "1-0"]
[WhiteElo "2521"]
[BlackElo "2462"]
[PlyCount "61"]
[EventDate "2006.07.03"]

1. Nf3 d5 2. b3 Bg4 3. Bb2 Nd7 4. d4 e6 5. Nbd2 c5 6. dxc5 Qa5 7. a3 Qxc5 8. e3
Ngf6 9. c4 Rd8 10. Rc1 Qd6 11. Be2 Be7 12. c5 Nxc5 13. Be5 Qd7 14. b4 Na6 15.
a4 O-O 16. Bb5 Nxb4 17. Bxf6 Bxf6 18. Bxd7 Nd3+ 19. Ke2 Nxc1+ 20. Qxc1 Rxd7 21.
h3 Bh5 22. g4 Bg6 23. h4 h5 24. g5 Bd8 25. Ne5 Rc7 26. Qa1 Bf5 27. Rc1 Re8 28.
Rxc7 Bxc7 29. Qc3 Bd6 30. f4 Rd8 31. Qa5 1-0

[Event "35th T-ch GR"]
[Site "Ermioni"]
[Date "2006.07.03"]
[Round "1.1"]
[White "Prentos, Konstantinos"]
[Black "Makropoulos, Georgios"]
[Result "1/2-1/2"]
[WhiteElo "2258"]
[BlackElo "2382"]
[PlyCount "81"]
[EventDate "2006.07.03"]

1. e4 c5 2. Nf3 Nc6 3. d4 cxd4 4. Nxd4 g6 5. c4 Bg7 6. Be3 Nf6 7. Nc3 O-O 8.
Be2 b6 9. Qd2 Bb7 10. O-O Rc8 11. f3 Nh5 12. Rfd1 f5 13. exf5 gxf5 14. Nxc6
Bxc6 15. Bh6 Bxh6 16. Qxh6 Qe8 17. Nd5 Kh8 18. Rd4 Bxd5 19. Rxd5 Rc6 20. Qd2
Rg6 21. f4 Rfg8 22. Bf3 e6 23. Re1 Nf6 24. Rxf5 Qf8 25. Rg5 Rxg5 26. fxg5 Qc5+
27. Qe3 Rxg5 28. Qxc5 Rxc5 29. b3 Kg7 30. Kf2 Kf7 31. Re2 a5 32. g4 a4 33. h4
h6 34. Rd2 axb3 35. axb3 b5 36. cxb5 Rxb5 37. Rd3 d5 38. g5 hxg5 39. hxg5 Ne4+
40. Bxe4 dxe4 41. Re3 1/2-1/2

[Event "35th T-ch GR"]
[Site "Ermioni"]
[Date "2006.07.03"]
[Round "1.2"]
[White "Sokolov, Andrei"]
[Black "Kanellopoulos, Panayotis"]
[Result "1-0"]
[WhiteElo "2589"]
[BlackElo "2271"]
[PlyCount "93"]
[EventDate "2006.07.03"]

1. e4 c5 2. Nf3 d6 3. d4 cxd4 4. Nxd4 Nf6 5. Nc3 a6 6. Bd3 Ng4 7. Bg5 h6 8. Bh4
g5 9. Bg3 Bg7 10. h3 Ne5 11. Be2 Nbc6 12. Nb3 Be6 13. Nd5 Rc8 14. O-O Ng6 15.
c3 Be5 16. Bg4 Bxg4 17. Qxg4 e6 18. f4 gxf4 19. Nxf4 h5 20. Qf3 Qg5 21. Nxg6
Qxg6 22. Bh4 Rg8 23. Rad1 Rc7 24. Nc1 Bf4 25. Rf2 Bxc1 26. Rxc1 Ne5 27. Qe2 Rc4
28. Re1 Kd7 29. Bf6 Rc6 30. Ref1 Kc8 31. Bxe5 dxe5 32. Rxf7 Kb8 33. Rf8+ Rc8
34. Rxc8+ Kxc8 35. Rf3 Qg5 36. Kh2 h4 37. a4 Kb8 38. a5 Rc8 39. b4 Qc1 40. Qe3
Qxe3 41. Rxe3 Rf8 42. g3 Rf2+ 43. Kg1 hxg3 44. Rxg3 Re2 45. h4 Rxe4 46. Rh3 b6
47. axb6 1-0

[Event "35th T-ch GR"]
[Site "Ermioni"]
[Date "2006.07.03"]
[Round "1.2"]
[White "Skembris, Spyridon"]
[Black "Mouroutis, Konstantinos"]
[Result "1/2-1/2"]
[WhiteElo "2458"]
[BlackElo "2238"]
[PlyCount "58"]
[EventDate "2006.07.03"]

1. d4 f5 2. g3 Nf6 3. Bg2 g6 4. b3 Bg7 5. Bb2 d6 6. Nf3 Nc6 7. e3 O-O 8. O-O e6
9. Nbd2 Qe7 10. Qe2 Ne4 11. c4 d5 12. Rac1 Nd8 13. Nb1 c6 14. Ne5 Bxe5 15. dxe5
b6 16. f3 Ng5 17. Rfd1 Bb7 18. h4 Ngf7 19. f4 dxc4 20. bxc4 c5 21. e4 Nc6 22.
exf5 gxf5 23. Na3 a6 24. Nc2 Rfd8 25. Bc3 Rxd1+ 26. Rxd1 Rd8 27. a4 Rd7 28. Ne3
Nd4 29. Bxd4 Bxg2 1/2-1/2

[Event "35th T-ch GR"]
[Site "Ermioni"]
[Date "2006.07.03"]
[Round "1.1"]
[White "Inarkiev, Ernesto"]
[Black "Postny, Evgeny"]
[Result "1-0"]
[WhiteElo "2625"]
[BlackElo "2591"]
[PlyCount "67"]
[EventDate "2006.07.03"]

1. d4 d5 2. c4 c6 3. Nf3 Nf6 4. e3 a6 5. Bd3 Bg4 6. Nbd2 e6 7. b3 Nbd7 8. Bb2
Be7 9. Qc2 Bh5 10. c5 Bg6 11. Bc3 O-O 12. Bxg6 hxg6 13. b4 Ne8 14. a4 Nc7 15.
h4 f5 16. Ke2 Qe8 17. Rag1 a5 18. bxa5 e5 19. Nxe5 Nxe5 20. dxe5 Bxc5 21. f4
Ne6 22. Nf3 Be7 23. g4 c5 24. h5 d4 25. gxf5 gxf5 26. h6 g6 27. Qb3 Kh7 28.
Qxe6 dxc3 29. Rb1 Ra6 30. Qd5 Qxa4 31. Rxb7 Qc2+ 32. Kf1 Rxa5 33. Rxe7+ Kh8 34.
Rh7+ 1-0

[Event "35th T-ch GR"]
[Site "Ermioni"]
[Date "2006.07.03"]
[Round "1.2"]
[White "Vouldis, Angelos"]
[Black "Banikas, Hristos"]
[Result "1/2-1/2"]
[WhiteElo "2521"]
[BlackElo "2576"]
[PlyCount "81"]
[EventDate "2006.07.03"]

1. e4 c5 2. Nf3 Nc6 3. d4 cxd4 4. Nxd4 Qc7 5. Nc3 e6 6. Be2 a6 7. O-O Nf6 8.
Be3 Be7 9. f4 d6 10. Kh1 O-O 11. a4 Re8 12. Bf3 Bf8 13. Nb3 b6 14. a5 bxa5 15.
e5 dxe5 16. fxe5 Nd5 17. Nxd5 exd5 18. Qxd5 Bb7 19. Nxa5 Nxa5 20. Qxa5 Qc8 21.
Bxb7 Qxb7 22. Bd4 Re6 23. Rf3 Rc8 24. Qd2 g6 25. Raf1 Bg7 26. Qf2 Rc7 27. Rb3
Qa8 28. Rb6 Rxb6 29. Bxb6 Rd7 30. Qf4 Qe8 31. Bd4 Re7 32. Re1 f6 33. Bc3 fxe5
34. Qc4+ Re6 35. Bxe5 Qf7 36. Rf1 Qe8 37. Bd6 Kh8 38. Bg3 Bxb2 39. c3 Ba3 40.
Bf2 Bf8 41. Bd4+ 1/2-1/2

[Event "35th T-ch GR"]
[Site "Ermioni"]
[Date "2006.07.03"]
[Round "1.2"]
[White "Tassopoulos, Marios"]
[Black "Nikolaidis, Ioannis"]
[Result "0-1"]
[WhiteElo "2270"]
[BlackElo "2538"]
[PlyCount "82"]
[EventDate "2006.07.03"]

1. e4 c5 2. c3 d5 3. exd5 Qxd5 4. d4 Nf6 5. Nf3 Bg4 6. dxc5 Qxc5 7. Na3 a6 8.
Be3 Qc7 9. Qa4+ Nbd7 10. O-O-O Rc8 11. h3 Bxf3 12. gxf3 e6 13. Rg1 Nd5 14. Nc2
Qc6 15. Qxc6 Rxc6 16. Bd3 Rc7 17. Be4 Nxe3 18. fxe3 Nc5 19. Bd3 g6 20. Be2 Bg7
21. Rd2 Ke7 22. Ne1 Rhc8 23. Bd1 b5 24. a3 Nd7 25. Kb1 Ne5 26. Be2 Rb8 27. Nc2
a5 28. Rgd1 Nc4 29. Bxc4 bxc4 30. Ka2 Rb5 31. Rh1 Rcb7 32. Nd4 Bxd4 33. cxd4
Rb3 34. Re2 c3 35. bxc3 Rxc3 36. Rb1 Rxa3+ 37. Kxa3 Rxb1 38. Ka4 Ra1+ 39. Kb3
Rh1 40. Ka4 Rxh3 41. Rf2 Rh5 0-1

[Event "35th T-ch GR"]
[Site "Ermioni"]
[Date "2006.07.04"]
[Round "2.1"]
[White "Svetushkin, Dmitry"]
[Black "Kourkounakis, Ilias"]
[Result "1/2-1/2"]
[WhiteElo "2569"]
[BlackElo "2379"]
[PlyCount "141"]
[EventDate "2006.07.03"]

1. d4 Nf6 2. c4 e6 3. Nf3 d5 4. Nc3 c5 5. cxd5 Nxd5 6. e4 Nxc3 7. bxc3 cxd4 8.
cxd4 Nc6 9. Bc4 b5 10. Bd3 Bb4+ 11. Bd2 Bxd2+ 12. Qxd2 a6 13. O-O O-O 14. d5
Ne7 15. a4 bxa4 16. Rxa4 exd5 17. Rd4 a5 18. exd5 Qd6 19. Bc2 Bf5 20. Ba4 Rfb8
21. Re1 Rb1 22. Rxb1 Bxb1 23. Bc6 Ra7 24. Qe3 Bf5 25. Rd1 Nxc6 26. Qe8+ Qf8 27.
Qxc6 Qa8 28. Nd4 Bd7 29. Qd6 a4 30. Nc6 Rb7 31. Qa3 h6 32. Ne5 Be8 33. d6 Rb5
34. Nc4 Rd5 35. Ra1 Qa6 36. Qc3 Qc6 37. Qe3 Bd7 38. Qa7 Kh7 39. h4 Rc5 40. Rxa4
Be6 41. d7 Bxd7 42. Ra6 Qb5 43. Rb6 Qxc4 44. Qxd7 Qc1+ 45. Kh2 Qf4+ 46. Kh3
Qxf2 47. Qd3+ f5 48. Qg3 Qxg3+ 49. Kxg3 Rc4 50. Kh3 Rc3+ 51. Kh2 Ra3 52. Rc6
Ra4 53. g3 Rg4 54. Kh3 h5 55. Rb6 f4 56. gxf4 Rxf4 57. Rc6 Rg4 58. Rb6 Rg6 59.
Rb5 Kh6 60. Ra5 Rb6 61. Rc5 Rb3+ 62. Kg2 Rb4 63. Kg3 Rg4+ 64. Kh3 Kg6 65. Rb5
Rg1 66. Kh2 Rf1 67. Rg5+ Kh6 68. Rb5 Rf3 69. Kg2 Ra3 70. Rc5 g6 71. Rc7 1/2-1/2

[Event "35th T-ch GR"]
[Site "Ermioni"]
[Date "2006.07.04"]
[Round "2.2"]
[White "Mastrovasilis, Dimitrios"]
[Black "Dimitrov, Atanas"]
[Result "1-0"]
[WhiteElo "2567"]
[BlackElo "2288"]
[PlyCount "119"]
[EventDate "2006.07.03"]

1. e4 e5 2. Nf3 Nc6 3. Bb5 a6 4. Ba4 Nf6 5. O-O Be7 6. Re1 b5 7. Bb3 d6 8. c3
O-O 9. h3 Na5 10. Bc2 c5 11. d4 Qc7 12. Nbd2 cxd4 13. cxd4 Nc6 14. Nb3 a5 15.
Be3 a4 16. Nbd2 Be6 17. a3 Na5 18. Rc1 Qb8 19. Bd3 h6 20. Qe2 b4 21. d5 Bd7 22.
Nc4 Nb3 23. Rc2 Bd8 24. Nfd2 Re8 25. axb4 Nd4 26. Bxd4 exd4 27. Qd1 Qxb4 28.
Nf3 Rc8 29. Qd2 Qxd2 30. Ncxd2 Rxc2 31. Bxc2 Ba5 32. Ra1 Bxd2 33. Nxd2 Rb8 34.
Nc4 Rc8 35. Bd3 Rb8 36. Nxd6 Rxb2 37. Nc4 Rb4 38. Ne5 Be8 39. Kf1 g5 40. Ke1
Kg7 41. Ra2 Rb6 42. Kd2 Kf8 43. Bc2 Ke7 44. f3 Rb4 45. Nd3 Rb8 46. Bxa4 Ra8 47.
Bb3 Rxa2+ 48. Bxa2 Nh5 49. e5 f6 50. g4 Nf4 51. d6+ Kd7 52. Nxf4 fxe5 53. Nh5
Kxd6 54. Ng3 Bc6 55. Ne4+ Ke7 56. Bb1 Bb5 57. Bd3 Bc6 58. Ke2 Bd7 59. Ng3 Kf6
60. Be4 1-0

[Event "35th T-ch GR"]
[Site "Ermioni"]
[Date "2006.07.04"]
[Round "2.2"]
[White "Georgiev, Krum"]
[Black "Pountzas, Hrisanthos"]
[Result "1-0"]
[WhiteElo "2485"]
[BlackElo "2262"]
[PlyCount "55"]
[EventDate "2006.07.03"]

1. e4 Nf6 2. d3 d6 3. f4 c5 4. Nf3 Nc6 5. g3 g6 6. Bg2 Bg7 7. O-O O-O 8. Nc3
Rb8 9. h3 b5 10. g4 b4 11. Ne2 Bb7 12. Qe1 c4 13. Be3 cxd3 14. cxd3 Ba6 15. Qd2
Qa5 16. Ned4 Bb7 17. a3 Nd7 18. Nc2 Bxb2 19. axb4 Qb5 20. Ra2 Bg7 21. Rb1 Ba8
22. Na3 Qb7 23. b5 Nd8 24. Nc4 Nc5 25. Bd4 Qd7 26. Bxg7 Kxg7 27. Rba1 Qxb5 28.
Rb2 1-0

[Event "35th T-ch GR"]
[Site "Ermioni"]
[Date "2006.07.04"]
[Round "2.1"]
[White "Vouldis, Angelos"]
[Black "Kritz, Leonid"]
[Result "0-1"]
[WhiteElo "2521"]
[BlackElo "2578"]
[PlyCount "74"]
[EventDate "2006.07.03"]

1. e4 e5 2. Nf3 Nf6 3. Nxe5 d6 4. Nf3 Nxe4 5. d4 d5 6. Bd3 Nc6 7. O-O Be7 8.
Re1 Bg4 9. c4 Nf6 10. Nc3 Bxf3 11. Qxf3 Nxd4 12. Qd1 Ne6 13. Bf5 dxc4 14. Qa4+
c6 15. Bxe6 fxe6 16. Qxc4 O-O 17. Rxe6 Nd5 18. Be3 Kh8 19. Nxd5 cxd5 20. Qd3
Bf6 21. Rd1 Qa5 22. Bd4 Bxd4 23. Qxd4 Rae8 24. Qe5 Rxe6 25. Qxe6 Qxa2 26. Qe7
Kg8 27. Qxb7 d4 28. g3 d3 29. Kg2 Qc4 30. Qxa7 Qe4+ 31. Kg1 Qe2 32. Rf1 d2 33.
Qa2+ Kh8 34. Qd5 h6 35. h4 Re8 36. Qf7 Qxf1+ 37. Kxf1 d1=Q+ 0-1

[Event "35th T-ch GR"]
[Site "Ermioni"]
[Date "2006.07.04"]
[Round "2.1"]
[White "Lirindzakis, Timotheos"]
[Black "Managadze, Nikoloz"]
[Result "0-1"]
[WhiteElo "2381"]
[BlackElo "2444"]
[PlyCount "74"]
[EventDate "2006.07.03"]

1. d4 d6 2. Nf3 Bg4 3. e4 Nf6 4. Nc3 c6 5. Be2 Nbd7 6. a4 e5 7. O-O Be7 8. Be3
O-O 9. a5 Re8 10. dxe5 dxe5 11. Nd2 Be6 12. Bc4 Bb4 13. a6 b5 14. Bxe6 Rxe6 15.
Qe2 Qc7 16. f3 Nb6 17. Ncb1 Nfd7 18. Nb3 Nc4 19. Bc1 Rg6 20. Kh1 Qb6 21. c3 Be7
22. Re1 Nb8 23. N1d2 Nxd2 24. Bxd2 Nxa6 25. Be3 c5 26. Red1 Nc7 27. Qf2 Ne6 28.
Rd5 Qc7 29. Rad1 Rd8 30. Rxd8+ Bxd8 31. Nxc5 Nxc5 32. Bxc5 a6 33. Qd2 Bg5 34.
Qd5 h6 35. Bd6 Qb6 36. Bxe5 Qf2 37. Qd2 Bxd2 0-1

[Event "35th T-ch GR"]
[Site "Ermioni"]
[Date "2006.07.04"]
[Round "2.2"]
[White "Banikas, Hristos"]
[Black "Tsarouhas, Konstantinos"]
[Result "1-0"]
[WhiteElo "2576"]
[BlackElo "2282"]
[PlyCount "83"]
[EventDate "2006.07.03"]

1. d4 Nf6 2. c4 g6 3. Nc3 Bg7 4. e4 d6 5. Nge2 O-O 6. f3 c6 7. Be3 a6 8. c5
Nbd7 9. Ng3 b5 10. cxb6 Qxb6 11. Qd2 a5 12. b3 Ne8 13. Rc1 Ba6 14. Be2 Qb4 15.
Na4 Bb5 16. Bxb5 Qxb5 17. Ne2 Nc7 18. O-O Rfc8 19. Bg5 Kf8 20. Bh6 Na6 21.
Bxg7+ Kxg7 22. f4 Nb4 23. Nec3 Qd3 24. Qf2 Nf6 25. Nb2 Qa6 26. Rcd1 c5 27. d5
Qb7 28. Nc4 Rd8 29. a3 Na6 30. e5 Ne8 31. Nxa5 Qb6 32. Nc6 Rd7 33. b4 Rb7 34.
b5 Nb8 35. a4 Nd7 36. Rde1 Nf8 37. Ra1 e6 38. a5 Qc7 39. a6 Rb6 40. Rab1 f5 41.
dxe6 Rxc6 42. Nd5 1-0

[Event "35th T-ch GR"]
[Site "Ermioni"]
[Date "2006.07.04"]
[Round "2.2"]
[White "Kalaitzoglou, Panayotis"]
[Black "Papaioannou, Ioannis"]
[Result "0-1"]
[WhiteElo "2176"]
[BlackElo "2575"]
[PlyCount "78"]
[EventDate "2006.07.03"]

1. e4 d5 2. exd5 Qxd5 3. Nc3 Qa5 4. Bc4 c6 5. Nge2 Bf5 6. d3 e6 7. O-O Nd7 8.
Nd4 Bg6 9. Re1 O-O-O 10. Bd2 Qh5 11. Qxh5 Bxh5 12. Nde2 Ngf6 13. Ng3 Bg6 14. a4
Nb6 15. Bb3 Nbd5 16. Nxd5 cxd5 17. a5 a6 18. Ba4 h5 19. b4 h4 20. Ne2 h3 21. g3
e5 22. Rab1 Bh5 23. Be3 d4 24. Bg5 Bf3 25. b5 Bc5 26. bxa6 bxa6 27. Bb3 Kc7 28.
Bxf7 Rb8 29. Rxb8 Rxb8 30. Nc1 Ng4 31. Nb3 Bb4 32. Rb1 Bc3 33. Bc4 Bxa5 34.
Bxa6 Bc3 35. Bc4 Kd6 36. Bd2 Rxb3 37. Rxb3 Bxd2 38. Rb6+ Kc5 39. Rg6 e4 0-1

[Event "35th T-ch GR"]
[Site "Ermioni"]
[Date "2006.07.05"]
[Round "3.1"]
[White "Mastrovasilis, Athanasios"]
[Black "Shahtahtinsky, Alekper"]
[Result "1-0"]
[WhiteElo "2521"]
[BlackElo "2273"]
[PlyCount "119"]
[EventDate "2006.07.03"]

1. c4 e5 2. g3 Nc6 3. Bg2 d6 4. Nc3 g6 5. e4 Nd4 6. Nce2 Nxe2 7. Nxe2 Be6 8.
Qb3 Qc8 9. d4 Bg7 10. Be3 Nf6 11. f4 Ng4 12. Bg1 h5 13. h3 Nh6 14. fxe5 dxe5
15. d5 Bd7 16. Qa3 Bf8 17. c5 Bg7 18. O-O-O O-O 19. Qd3 c6 20. Nc3 b6 21. Kb1
bxc5 22. Bxc5 Re8 23. d6 Rd8 24. Rd2 Be6 25. g4 hxg4 26. hxg4 Nxg4 27. Qh3 Nf6
28. Qh4 Rd7 29. Bf3 Qd8 30. Rdh2 Kf8 31. Qg3 Ng8 32. Rh7 Rb8 33. Ka1 Qa5 34.
Rxg7 Kxg7 35. Qxe5+ Kf8 36. a3 Re8 37. Qd4 Qa6 38. Be2 Qb7 39. Rf1 Qb3 40. Bd1
Qc4 41. Qf2 a5 42. Be2 Qb3 43. Bd1 Qc4 44. Rg1 f6 45. Be2 Qb3 46. Bd1 Qc4 47.
Rxg6 Bf7 48. Be2 Qb3 49. Bd1 Qc4 50. Rg4 Re5 51. Bb6 Ke8 52. Bc7 Qc5 53. Qg3
Kf8 54. Qd3 Qc4 55. Qd2 Be6 56. Rf4 Rg7 57. Qf2 Qc5 58. Qxc5 Rxc5 59. Kb1 Rg1
60. d7 1-0

[Event "35th T-ch GR"]
[Site "Ermioni"]
[Date "2006.07.05"]
[Round "3.2"]
[White "Tzermiadianos, Andreas"]
[Black "Dagkakis, Panagiotis"]
[Result "1/2-1/2"]
[WhiteElo "2462"]
[BlackElo "2267"]
[PlyCount "103"]
[EventDate "2006.07.03"]

1. e4 e5 2. Bc4 Nf6 3. d3 Nc6 4. f4 d5 5. exd5 Bg4 6. Nf3 Nd4 7. c3 Nxf3+ 8.
gxf3 Bh3 9. Qe2 Be7 10. Bb5+ Nd7 11. fxe5 Bh4+ 12. Kd1 O-O 13. Bf4 Nb6 14. Bg3
Bg5 15. Bc4 Nxd5 16. Bxd5 Qxd5 17. Nd2 Bxd2 18. Kxd2 c5 19. Rhg1 Bf5 20. Bh4
Bg6 21. f4 b5 22. Qe3 Rfe8 23. Rg5 Qd7 24. Rf1 f6 25. Rg3 fxe5 26. fxe5 Qd5 27.
b3 Rxe5 28. Rg5 Rxg5 29. Bxg5 Re8 30. Be7 Bxd3 31. Qxd3 Qxd3+ 32. Kxd3 Rxe7 33.
Rf5 Rc7 34. Ke4 g6 35. Rf6 Kg7 36. Ra6 g5 37. Kf5 h6 38. Kg4 c4 39. b4 Rf7 40.
a4 bxa4 41. Rxa4 Kg6 42. Ra6+ Rf6 43. Rxa7 h5+ 44. Kg3 g4 45. Kg2 Rf3 46. Rc7
Rxc3 47. b5 Rb3 48. Rxc4 Rxb5 49. Rc2 Kg5 50. h3 Rb3 51. hxg4 hxg4 52. Rc8
1/2-1/2

[Event "35th T-ch GR"]
[Site "Ermioni"]
[Date "2006.07.05"]
[Round "3.1"]
[White "Prentos, Konstantinos"]
[Black "Vaisser, Anatoly"]
[Result "1/2-1/2"]
[WhiteElo "2258"]
[BlackElo "2568"]
[PlyCount "121"]
[EventDate "2006.07.03"]

1. e4 c5 2. Nf3 Nc6 3. d4 cxd4 4. Nxd4 Nf6 5. Nc3 e5 6. Ndb5 d6 7. a4 a6 8. Na3
Be7 9. Bg5 Be6 10. Bxf6 Bxf6 11. Bc4 O-O 12. Nd5 Bg5 13. O-O Rb8 14. c3 Kh8 15.
b4 g6 16. f4 exf4 17. Nxf4 Qe7 18. Nxe6 fxe6 19. Qg4 Rxf1+ 20. Rxf1 Re8 21. Qh3
Ne5 22. Bb3 Bf6 23. Nc2 Nc6 24. b5 axb5 25. axb5 Nd8 26. Qd3 Kg7 27. Ne3 Qc7
28. Bc4 Qc5 29. Kh1 h5 30. Nc2 Nf7 31. Qf3 Qe5 32. Nd4 Ng5 33. Qe2 Nxe4 34. Re1
d5 35. Bd3 Rc8 36. Bxe4 dxe4 37. Qxe4 Qxe4 38. Rxe4 Rxc3 39. Nxe6+ Kf7 40. g3
Rb3 41. Nc7 Rb1+ 42. Kg2 Rb2+ 43. Kh1 g5 44. h3 Bd8 45. Ne6 Be7 46. Ng7 Rxb5
47. Nxh5 Rd5 48. Ng7 Bd6 49. Ne6 Bxg3 50. Kg2 Bb8 51. Nd4 Be5 52. Nf3 Bf6 53.
Kg3 b5 54. h4 gxh4+ 55. Nxh4 Bxh4+ 56. Kxh4 Rd6 57. Kg5 Rb6 58. Kf5 Rf6+ 59.
Ke5 Ke7 60. Kd5+ Kd7 61. Kc5 1/2-1/2

[Event "35th T-ch GR"]
[Site "Ermioni"]
[Date "2006.07.05"]
[Round "3.1"]
[White "Kritz, Leonid"]
[Black "Nikolaidis, Ioannis"]
[Result "1/2-1/2"]
[WhiteElo "2578"]
[BlackElo "2538"]
[PlyCount "33"]
[EventDate "2006.07.03"]

1. e4 c6 2. Nc3 d5 3. d4 dxe4 4. Nxe4 Nd7 5. Nf3 Ngf6 6. Nxf6+ Nxf6 7. c3 Bg4
8. h3 Bxf3 9. Qxf3 Qd5 10. Be2 e6 11. Bf4 Qxf3 12. Bxf3 O-O-O 13. O-O-O Nd5 14.
Be5 Ne7 15. Be4 Ng6 16. Bg3 Bd6 17. Bxd6 1/2-1/2

[Event "35th T-ch GR"]
[Site "Ermioni"]
[Date "2006.07.06"]
[Round "2.1"]
[White "Vouldis, Angelos"]
[Black "Svetushkin, Dmitry"]
[Result "1/2-1/2"]
[WhiteElo "2521"]
[BlackElo "2569"]
[PlyCount "102"]
[EventDate "2006.07.03"]

1. e4 c6 2. d4 d5 3. Nc3 dxe4 4. Nxe4 Bf5 5. Ng3 Bg6 6. h4 h6 7. Nf3 Nd7 8. h5
Bh7 9. Bd3 Bxd3 10. Qxd3 e6 11. Bf4 Qa5+ 12. Bd2 Bb4 13. c3 Be7 14. c4 Qc7 15.
d5 cxd5 16. cxd5 Qd6 17. Qb3 Ngf6 18. dxe6 Qxe6+ 19. Qxe6 fxe6 20. Rc1 Nd5 21.
Ke2 Kf7 22. Rc4 Rhc8 23. Rhc1 Rxc4 24. Rxc4 N7f6 25. Ne5+ Ke8 26. Ng6 Bd6 27.
Ne4 Kd7 28. Nxf6+ Nxf6 29. g4 b5 30. Rd4 Kc6 31. f3 Re8 32. Rd3 Nd5 33. f4 Kd7
34. g5 Kc6 35. Kf3 e5 36. fxe5 Bxe5 37. gxh6 gxh6 38. Bxh6 Bxb2 39. Bg5 b4 40.
h6 a5 41. Rd2 Bc3 42. Rh2 Rg8 43. Bd2 Rxg6 44. Bxc3 Nxc3 45. h7 Rf6+ 46. Ke3
Rf8 47. h8=Q Rxh8 48. Rxh8 Nxa2 49. Kd3 b3 50. Rh5 a4 51. Ra5 Kb6 1/2-1/2

[Event "35th T-ch GR"]
[Site "Ermioni"]
[Date "2006.07.06"]
[Round "2.2"]
[White "Socko, Bartosz"]
[Black "Azmaiparashvili, Zurab"]
[Result "1/2-1/2"]
[WhiteElo "2621"]
[BlackElo "2669"]
[PlyCount "74"]
[EventDate "2006.07.03"]

1. e4 c6 2. d4 d5 3. e5 Bf5 4. Nf3 e6 5. Be2 Nd7 6. O-O Bg6 7. b3 Nh6 8. c4 Nf5
9. h3 Be7 10. Ba3 Bxa3 11. Nxa3 O-O 12. Nc2 f6 13. exf6 Qxf6 14. Qd2 Rad8 15.
Ne3 Nxe3 16. Qxe3 Rde8 17. Rae1 e5 18. cxd5 exd4 19. Qxd4 Qxd4 20. Nxd4 cxd5
21. Bb5 Rxe1 22. Rxe1 Nf6 23. Re7 Rf7 24. Rxf7 Kxf7 25. f3 Bb1 26. a3 g5 27.
Kf2 Nh5 28. Ke3 Kf6 29. Be8 Ng7 30. Bd7 Bf5 31. Bb5 Ke5 32. Bf1 Bd7 33. g3 Nh5
34. f4+ gxf4+ 35. gxf4+ Nxf4 36. Nf3+ Kf5 37. Nd4+ Ke5 1/2-1/2

[Event "35th T-ch GR"]
[Site "Ermioni"]
[Date "2006.07.06"]
[Round "2.2"]
[White "Georgiev, Krum"]
[Black "Papaioannou, Ioannis"]
[Result "1/2-1/2"]
[WhiteElo "2485"]
[BlackElo "2575"]
[PlyCount "21"]
[EventDate "2006.07.03"]

1. e4 c6 2. Nc3 d5 3. Nf3 Bg4 4. h3 Bxf3 5. Qxf3 Nf6 6. g3 e6 7. Bg2 Be7 8. O-O
O-O 9. d3 Nbd7 10. Qe2 b5 11. f4 1/2-1/2

[Event "35th T-ch GR"]
[Site "Ermioni"]
[Date "2006.07.06"]
[Round "2.2"]
[White "Nikolaidis, Ioannis"]
[Black "Karayannis, Athanasios"]
[Result "1-0"]
[WhiteElo "2538"]
[BlackElo "2380"]
[PlyCount "49"]
[EventDate "2006.07.03"]

1. c4 e6 2. Nf3 Nf6 3. d4 d5 4. Bg5 h6 5. Bxf6 Qxf6 6. Nc3 Qd8 7. Qc2 dxc4 8.
e3 a6 9. Bxc4 Bd6 10. O-O b5 11. Bd3 Nd7 12. a4 b4 13. Ne4 Bb7 14. Rfc1 O-O 15.
a5 Qe7 16. Nfd2 Rfc8 17. Nxd6 cxd6 18. Qa4 d5 19. Nb3 Rab8 20. h3 Qd6 21. Rxc8+
Rxc8 22. Rc1 Rxc1+ 23. Nxc1 Nb8 24. Qe8+ Qf8 25. Bh7+ 1-0

[Event "35th T-ch GR"]
[Site "Ermioni"]
[Date "2006.07.06"]
[Round "2.3"]
[White "Gelashvili, Tamaz"]
[Black "Kotronias, Vasilios"]
[Result "1-0"]
[WhiteElo "2575"]
[BlackElo "2611"]
[PlyCount "131"]
[EventDate "2006.07.03"]

1. Nf3 Nf6 2. c4 g6 3. b3 Bg7 4. Bb2 O-O 5. e3 d6 6. d4 e5 7. dxe5 Nfd7 8. Nc3
dxe5 9. Be2 Na6 10. O-O Ndc5 11. Ba3 c6 12. b4 Ne6 13. Qxd8 Rxd8 14. Rad1 Nac7
15. b5 f6 16. g4 Rxd1 17. Rxd1 Bf8 18. Bd6 Bxd6 19. Rxd6 Ne8 20. Rd1 Kf8 21. h4
Nc5 22. g5 cxb5 23. cxb5 Bg4 24. gxf6 Bxf3 25. Bxf3 Nxf6 26. Nd5 Nfd7 27. Bg4
Nb6 28. Nc7 Rb8 29. Rc1 Nba4 30. Ne6+ Nxe6 31. Bxe6 Re8 32. Bb3 Nb6 33. Kg2 Rc8
34. Rh1 Rc5 35. h5 Kg7 36. hxg6 hxg6 37. Rd1 Rxb5 38. Rd8 Rc5 39. Rb8 Rc7 40.
Re8 Nc4 41. Bxc4 Rxc4 42. Rxe5 Kf6 43. Ra5 a6 44. Kg3 g5 45. f3 Rc2 46. e4 Kg6
47. a4 Ra2 48. Rd5 b6 49. Rd8 Ra1 50. Rb8 Rg1+ 51. Kf2 Rb1 52. a5 b5 53. Rb6+
Kh5 54. Rxa6 g4 55. fxg4+ Kxg4 56. Ke3 b4 57. Ra8 b3 58. Kd2 Rh1 59. Kc3 Kf4
60. a6 Rh7 61. a7 Ke3 62. Kxb3 Re7 63. Kc4 Kxe4 64. Kc5 Ke5 65. Kc6 Re6+ 66.
Kd7 1-0

[Event "35th T-ch GR"]
[Site "Ermioni"]
[Date "2006.07.06"]
[Round "2.3"]
[White "Sokolov, Andrei"]
[Black "Prentos, Konstantinos"]
[Result "1/2-1/2"]
[WhiteElo "2589"]
[BlackElo "2258"]
[PlyCount "89"]
[EventDate "2006.07.03"]

1. e4 c5 2. Nf3 e6 3. d4 cxd4 4. Nxd4 Nf6 5. Nc3 d6 6. Be2 a6 7. f4 Qc7 8. O-O
Be7 9. Kh1 O-O 10. a4 Nc6 11. Be3 Nxd4 12. Qxd4 e5 13. Qd3 exf4 14. Bxf4 Be6
15. Rfd1 Rfd8 16. h3 Rac8 17. a5 Bc4 18. Qd2 Bxe2 19. Qxe2 Qc4 20. Rd3 Qe6 21.
Re1 Rc5 22. Qd2 Rdc8 23. Bxd6 Bxd6 24. Rxd6 Qe7 25. Rd1 Re8 26. Rd8 Rxa5 27.
Rxe8+ Qxe8 28. Qd6 h5 29. Qc7 Qe5 30. Qc8+ Kh7 31. Qxb7 Qe6 32. Qc7 Rg5 33. Qd6
Nxe4 34. Qxe6 Ng3+ 35. Kg1 fxe6 36. Re1 Rf5 37. h4 Rf4 38. Rxe6 Rxh4 39. Kf2
Nf5 40. Rxa6 Rb4 41. b3 Rf4+ 42. Ke2 Rg4 43. Kf2 Rf4+ 44. Ke2 Rg4 45. Kf2
1/2-1/2

[Event "35th T-ch GR"]
[Site "Ermioni"]
[Date "2006.07.06"]
[Round "2.3"]
[White "Oreopoulos, Konstantinos"]
[Black "Halkias, Stelios"]
[Result "0-1"]
[WhiteElo "2241"]
[BlackElo "2551"]
[PlyCount "102"]
[EventDate "2006.07.03"]

1. Nf3 Nf6 2. b3 c5 3. Bb2 b6 4. e3 Bb7 5. Be2 e6 6. d3 Be7 7. Nbd2 Nc6 8. c4
d5 9. a3 O-O 10. O-O Rc8 11. Rc1 Qd7 12. Rc2 dxc4 13. bxc4 Rfd8 14. Qa1 Ne8 15.
Rd1 Na5 16. Ne5 Qa4 17. Qb1 Nd6 18. Bc3 Bf6 19. f4 Nf5 20. Nf1 Nh4 21. Bh5 Ng6
22. Rb2 Bxe5 23. fxe5 Nc6 24. Bxg6 fxg6 25. Qc2 Qxc2 26. Rxc2 Ne7 27. Ng3 g5
28. Rcd2 Bc6 29. Ne4 Bxe4 30. dxe4 Rxd2 31. Rxd2 Rc7 32. Kf2 Kf7 33. a4 Nc6 34.
Ke2 Ke7 35. Rb2 Rb7 36. Rd2 Rd7 37. Rb2 Kd8 38. Rd2 Rxd2+ 39. Kxd2 Kd7 40. Kd3
Nd8 41. Ke2 Nf7 42. Kd3 g4 43. Kc2 Kc6 44. Kd3 a6 45. h3 gxh3 46. gxh3 h5 47.
h4 g5 48. hxg5 Nxg5 49. Be1 Nf3 50. Bg3 h4 51. Bf4 h3 0-1